|
|
|
|
| LEADER |
01557nam a2200397 a 4500 |
| 001 |
EBC692427 |
| 003 |
MiAaPQ |
| 005 |
20191030193400.0 |
| 006 |
m o d | |
| 007 |
cr cn||||||||| |
| 008 |
110418s2011 ne a sb 000 0 eng d |
| 010 |
|
|
|z 2011927601
|
| 020 |
|
|
|z 9780123852021
|
| 020 |
|
|
|a 9780123852038 (electronic bk.)
|
| 020 |
|
|
|a 9780123852038 (electronic bk.)
|
| 035 |
|
|
|a (MiAaPQ)EBC692427
|
| 035 |
|
|
|a (Au-PeEL)EBL692427
|
| 035 |
|
|
|a (CaPaEBR)ebr10470323
|
| 035 |
|
|
|a (CaONFJC)MIL311410
|
| 035 |
|
|
|a (OCoLC)726734848
|
| 040 |
|
|
|a MiAaPQ
|c MiAaPQ
|d MiAaPQ
|
| 050 |
|
4 |
|a HD38.5
|b .F37 2011
|
| 100 |
1 |
|
|a Farahani, Reza.
|
| 245 |
1 |
0 |
|a Logistics operations and management
|h [electronic resource] :
|b concepts and models /
|c Reza Zanjirani Farahani, Shabnam Rezapour, Laleh Kardar.
|
| 250 |
|
|
|a 1st ed.
|
| 260 |
|
|
|a Amsterdam ;
|a Boston, Mass. :
|b Elsevier,
|c c2011.
|
| 300 |
|
|
|a xvi, 469 p. :
|b ill.
|
| 490 |
1 |
|
|a Elsevier insights
|
| 504 |
|
|
|a Includes bibliographical references.
|
| 505 |
0 |
|
|a Pt. 1. Introduction -- pt. 2. Strategic issues -- pt. 3. Tactical and operational issues -- pt. 4. Special areas and philosophies.
|
| 533 |
|
|
|a Electronic reproduction. Ann Arbor, MI : ProQuest, 2016. Available via World Wide Web. Access may be limited to ProQuest affiliated libraries.
|
| 650 |
|
0 |
|a Business logistics.
|
| 655 |
|
4 |
|a Electronic books.
|
| 710 |
2 |
|
|a ProQuest (Firm)
|
| 830 |
|
0 |
|a Elsevier insights.
|
| 856 |
4 |
0 |
|u https://ebookcentral.proquest.com/lib/matrademy/detail.action?docID=692427
|z Click to View
|